| 000 | 00555nam a2200181 i 4500 | ||
|---|---|---|---|
| 001 | 38120 | ||
| 003 | ES-MaACL | ||
| 005 | 20250820063026.0 | ||
| 007 | t| | ||
| 008 | 030224s1920 sp ||||1| spa d | ||
| 100 | 1 |
_aCalandre, Luis, _d1890-1961 _933528 |
|
| 245 | 1 | 0 |
_aAnatomía y fisiología clínicas del corazón / _cLuis Calandre. |
| 260 |
_aMadrid : _bSaturnino Calleja, _c1920 ( _fTip. Moderna) |
||
| 300 |
_a126 p., 2 lám. ; _c18 cm. |
||
| 650 | 0 | 4 |
_aCorazón- _xAnatomía. _911363 |
| 852 |
_aES-MaACL _jB-11684 |
||
| 999 |
_c38120 _d38120 |
||